2000's Most Played Songs on Spotify - Statistics

General Stats
  • This quiz has been taken 201 times
  • The average score is 21 of 50
Answer Stats
Artist Song % Correct
Coldplay Yellow
82%
Coldplay Viva La Vida
72%
Outkast Hey Ya!
69%
The Killers Mr. Brightside
66%
Eminem Lose Yourself
65%
Shakira ft. Wyclef Jean Hips Don't Lie
64%
Rihanna ft. Jay-Z Umbrella
62%
Lady Gaga Poker Face
61%
Kesha Tik Tok
60%
The White Stripes Seven Nation Army
57%
Linkin Park In The End
56%
Kanye West ft. Jamie Foxx Gold Digger
55%
50 Cent In Da Club
55%
Linkin Park Numb
53%
Eminem ft. Dido Stan
53%
Britney Spears Toxic
53%
Usher ft. Lil Jon & Ludacris Yeah!
51%
Lady Gaga Bad Romance
48%
Evanescence Bring Me To Life
47%
Miley Cyrus Party In The U.S.A.
47%
Jason Mraz I'm Yours
45%
Beyoncé ft. Jay-Z Crazy In Love
44%
Train Hey, Soul Sister
44%
Eminem Without Me
44%
Kings of Leon Sex On Fire
43%
Eminem The Real Slim Shady
43%
Black Eyed Peas I Gotta Feeling
41%
Gorillaz Feel Good Inc.
40%
Outkast Ms. Jackson
40%
Coldplay The Scientist
38%
Snow Patrol Chasing Cars
36%
The Fray How To Save A Life
35%
Kanye West Stronger
33%
Arctic Monkeys 505
32%
System Of A Down Chop Suey!
32%
Beyoncé Halo
32%
Nickelback How You Remind Me
32%
Maroon 5 She Will Be Loved
31%
Maroon 5 This Love
29%
Eminem Mockingbird
27%
Coldplay Fix You
26%
Nelly Furtado Promiscuous
24%
Eminem ft. Nate Dogg 'Till I Collapse
24%
Red Hot Chili Peppers Can't Stop
23%
Papa Roach Last Resort
23%
Keane Somewhere Only We Know
23%
Kanye West Flashing Lights
16%
Kanye West Heartless
16%
Alicia Keys If I Ain't Got You
10%
Adele Make You Feel My Love
9%
No matching quizzes found
Score Distribution
Percent of People with Each Score
Percentile by Number Answered
Your Score History
You have not taken this quiz